000 01124nam a22002535i 4500
001 160965
003 ES-MaACL
005 20230906212150.0
008 950206s1861 sp a |||| | spa d
100 1 _aOliver y Hurtado, José.
_9130628
245 1 0 _aMunda Pompeiana /
_cmemoria escrita por José y Manuel Oliver Hurtado y premiada por voto unánime de la Academia de la Historia en el concurso de 1860.
260 _aMadrid :
_b[s.n.],
_c1861 (
_fImp. de Manuel Galiano)
300 _a515 p., [2] h. pleg. de lám. ;
_c28 cm.
505 8 _aIncluye apéndice: "Textos de los escritores antiguos referentes a la Munda Pompeiana"
530 _aDisponible en formato digital.
597 _aSignaturizado.
597 _aAntep.
599 _aLas lám. son grab. litogr.: "Lit. Alemana, grabado por F. Arnold"
650 4 _aBatalla de Munda, 45 a.C.
_9170044
651 4 _aAndalucía-
_xRestos arqueológicos romanos.
_9151210
700 1 _aOliver y Hurtado, Manuel.
_986850
852 _aES-MaACL
_jF-2633
_z- Enc. hol.
856 _uhttp://bdh-rd.bne.es/viewer.vm?id=0000079508&page=1
_zBiblioteca Digital Hispánica
999 _c160965
_d160965